[Event "ITA-ch (Women) 36th"]
[Site "Bratto"]
[Date "2009.08.25"]
[Round "5"]
[White "Tonel, Giulia"]
[Black "Pili, Erika"]
[Result "1-0"]
[WhiteElo "2004"]
[BlackElo "1824"]
[PlyCount "69"]
[EventDate "2009.08.21"]
[EventType "swiss"]
[EventRounds "9"]
[EventCountry "ITA"]
[SourceTitle "EXT 1999"]
[Source "ChessBase"]
[SourceDate "1998.11.16"]
[SourceVersion "1"]
[SourceVersionDate "1998.11.16"]
[SourceQuality "1"]

1. e4 e5 2. f4 d5 3. exd5 e4 4. d3 Nf6 5. dxe4 Nxe4 6. Qe2 Qxd5 7. Nc3 Bb4 8. Bd2 Qxd2+ 9. Qxd2 Nxd2 10. Kxd2 0-0 11. Bd3 Be6 12. a3 Ba5 13. Nf3 c6 14. Rae1 Nd7 15. Rhf1 Nc5 16. b4 Nxd3 17. cxd3 Bc7 18. Ng5 Bf5 19. h3 Rad8 20. Nge4 h5 21. Rf3 h4 22. Nc5 Bc8 23. f5 b6 24. Nb3 Rfe8 25. Ne4 Bb7 26. Kc2 Rd5 27. Nf6+ gxf6 28. Rxe8+ Kg7 29. Re7 Bg3 30. Rxb7 Re5 31. Kd2 Be1+ 32. Kd1 Bc3 33. Nd2 a5 34. Rxb6 axb4 35. axb4 1-0

[Event "ITA-ch (Women) 36th"]
[Site "Bratto"]
[Date "2009.08.22"]
[Round "2"]
[White "Zanaboni, Alessandra"]
[Black "Pili, Erika"]
[Result "0-1"]
[WhiteElo "1587"]
[BlackElo "1824"]
[PlyCount "76"]
[EventDate "2009.08.21"]
[EventType "swiss"]
[EventRounds "9"]
[EventCountry "ITA"]
[SourceTitle "EXT 1999"]
[Source "ChessBase"]
[SourceDate "1998.11.16"]
[SourceVersion "1"]
[SourceVersionDate "1998.11.16"]
[SourceQuality "1"]

1. e4 e5 2. Nf3 Nc6 3. Bb5 Bc5 4. 0-0 Nd4 5. c3 Nxb5 6. Qe2 c6 7. a4 Nc7 8. Nxe5 Be7 9. d4 d6 10. Nd3 Be6 11. Nd2 Nf6 12. f4 g6 13. f5 Bd7 14. Nf3 gxf5 15. e5 Ne4 16. exd6 Bxd6 17. Ng5 Qe7 18. Qh5 0-0-0 19. Nxf7 Nf6 20. Nxd6+ Qxd6 21. Qf3 Ncd5 22. Nf4 Nxf4 23. Bxf4 Qd5 24. Qf2 Ne4 25. Qc2 Be6 26. b4 Rhg8 27. Rf3 Qc4 28. b5 Rxd4 29. Qb2 Rd7 30. bxc6 Qxc6 31. c4 Rgd8 32. Qe5 Rd1+ 33. Rxd1 Rxd1+ 34. Rf1 Qb6+ 35. c5 Rxf1+ 36. Kxf1 Qb1+ 37. Ke2 Qc2+ 38. Kf3 Qf2# 0-1

[Event "Perla del Sarcidano op 2nd"]
[Site "Laconi"]
[Date "2006.08.09"]
[Round "7"]
[White "Pais, Mario"]
[Black "Pili, Erika"]
[Result "0-1"]
[WhiteElo "1672"]
[BlackElo "1868"]
[PlyCount "59"]
[EventDate "2006.08.05"]
[EventType "swiss"]
[EventRounds "4"]
[EventCountry "ITA"]
[SourceTitle "EXT 2024"]
[Source "ChessBase"]
[SourceDate "2023.10.10"]
[SourceVersion "1"]
[SourceVersionDate "2023.10.10"]
[SourceQuality "1"]

1. e4 e5 2. d4 exd4 3. Nf3 Nc6 4. Bc4 Bc5 5. c3 h6 6. 0-0 Nge7 7. cxd4 Bb6 8. d5 Nb4 9. a3 Na6 10. Nc3 0-0 11. Bf4 Ng6 12. h3 Nxf4 13. Qd2 Ng6 14. d6 Nc5 15. Rac1 c6 16. Nd4 Qf6 17. Nf5 Ne5 18. Ba2 Kh8 19. Qe2 Qg5 20. Rcd1 Ne6 21. Bxe6 fxe6 22. h4 Qf6 23. Ne7 Qxh4 24. Rd3 Bxf2+ 25. Rxf2 Qxf2+ 26. Qxf2 Rxf2 27. Ng6+ Nxg6 28. Kxf2 Ne5 29. Rg3 b6 30. b3 0-1

[Event "Perla del Sarcidano op 2nd"]
[Site "Laconi"]
[Date "2006.08.08"]
[Round "5"]
[White "Pili, Erika"]
[Black "Caredda, Giuseppe"]
[Result "0-1"]
[WhiteElo "1868"]
[BlackElo "1406"]
[PlyCount "58"]
[EventDate "2006.08.05"]
[EventType "swiss"]
[EventRounds "4"]
[EventCountry "ITA"]
[SourceTitle "EXT 2024"]
[Source "ChessBase"]
[SourceDate "2023.10.10"]
[SourceVersion "1"]
[SourceVersionDate "2023.10.10"]
[SourceQuality "1"]

1. e4 c5 2. f4 d6 3. Nf3 Nc6 4. Be2 e6 5. 0-0 Be7 6. d3 Bd7 7. c3 Qc7 8. Be3 Nf6 9. Kh1 Ng4 10. Bg1 0-0-0 11. Nbd2 h5 12. a3 Rdg8 13. b4 b6 14. Qb3 g5 15. fxg5 Bxg5 16. Nxg5 Rxg5 17. Rxf7 Nce5 18. Rff1 Rhg8 19. d4 Ng6 20. Nf3 Qd8 21. bxc5 dxc5 22. Ba6+ Kc7 23. Nxg5 Qxg5 24. Rf3 Nf4 25. dxc5 Nxh2 26. cxb6+ Kd8 27. Rf2 Qh4 28. Bxh2 Qxf2 29. Rg1 Rxg2 0-1

[Event "Sardegna Reg-ch"]
[Site "Cagliari"]
[Date "2006.02.19"]
[Round "3"]
[White "Pili, Erika"]
[Black "Puzzoni, Christian"]
[Result "1-0"]
[WhiteElo "1781"]
[BlackElo "2073"]
[PlyCount "82"]
[EventDate "2006.02.18"]
[EventType "swiss"]
[EventRounds "7"]
[EventCountry "ITA"]
[SourceTitle "EXT 2007"]
[Source "ChessBase"]
[SourceDate "2006.11.23"]
[SourceVersion "1"]
[SourceVersionDate "2006.11.23"]
[SourceQuality "1"]

1. e4 e5 2. f4 Nc6 3. Nf3 f5 4. d3 Bc5 5. Nc3 d6 6. Qe2 Nf6 7. Be3 Bb4 8. fxe5 dxe5 9. exf5 0-0 10. Bd2 Bxc3 11. Bxc3 Nd4 12. Qf2 Ng4 13. Qd2 Ne3 14. Rc1 Nxf3+ 15. gxf3 Qh4+ 16. Qf2 Nxf5 17. Bxe5 Qh6 18. f4 Bd7 19. Bg2 Rae8 20. Bd5+ Kh8 21. 0-0 c6 22. Be4 Re6 23. Kh1 Ne7 24. Qxa7 Nd5 25. Rg1 Re7 26. Bxd5 cxd5 27. Qa3 Rfe8 28. d4 Bf5 29. Rg3 Qh5 30. Qe3 h6 31. h3 Kh7 32. Rcg1 g6 33. Kh2 Bxc2 34. Qf3 Qxf3 35. Rxf3 Be4 36. Rc3 b5 37. a3 b4 38. axb4 Rb7 39. Rc7+ Rxc7 40. Bxc7 Rc8 41. Rc1 Re8 1-0

[Event "ITA-ch (Women)"]
[Site "Porto San Giorgio"]
[Date "2004.08.27"]
[Round "8"]
[White "Brunello, Marina"]
[Black "Pili, Erika"]
[Result "1-0"]
[WhiteElo "1571"]
[BlackElo "1853"]
[PlyCount "145"]
[EventDate "2004.08.20"]
[EventType "swiss"]
[EventRounds "9"]
[EventCountry "ITA"]
[SourceTitle "EXT 2005"]
[Source "ChessBase"]
[SourceDate "2004.11.15"]
[SourceVersion "1"]
[SourceVersionDate "2004.11.15"]
[SourceQuality "1"]

1. e4 e5 2. Nf3 Nc6 3. d4 exd4 4. Nxd4 Bc5 5. Be3 Nf6 6. Nxc6 dxc6 7. Qxd8+ Kxd8 8. Bxc5 Nxe4 9. Be3 Re8 10. Bd3 Nc5 11. Be2 Ne6 12. 0-0 Ke7 13. Nc3 Kf8 14. Rad1 Kg8 15. Rfe1 b6 16. Bf3 Bb7 17. Kf1 Re7 18. Rd2 Rae8 19. Red1 f5 20. g3 g5 21. Rd7 g4 22. Rxe7 Rxe7 23. Bg2 Kg7 24. h3 h5 25. hxg4 hxg4 26. Kg1 Kg6 27. Ne2 Ng5 28. Bxg5 Rxe2 29. Bd2 Re6 30. Bc3 Rd6 31. Re1 Kf7 32. Re5 Bc8 33. Re2 Be6 34. a3 c5 35. Be5 Rd7 36. Bc6 Re7 37. Bf4 Kf6 38. Rd2 Bc8 39. b4 Re1+ 40. Kg2 Ra1 41. Rd3 cxb4 42. axb4 a5 43. bxa5 bxa5 44. Rd4 Ba6 45. Ra4 Bf1+ 46. Kh2 Re1 47. Bxc7 Re2 48. Bb6 Rxc2 49. Bd7 Rd2 50. Be8 Be2 51. Bc6 Rd6 52. Bd4+ Ke6 53. Bg2 Bd1 54. Rc4 Bb3 55. Rc3 a4 56. Re3+ Kf7 57. Bc5 Re6 58. Rxe6 Kxe6 59. Bc6 Ke5 60. Kg2 f4 61. gxf4+ Kxf4 62. Bd6+ Kg5 63. Bd7 Bd1 64. Kg3 Kh5 65. Be7 a3 66. Bxa3 Kg5 67. Be7+ Kh5 68. Be8+ Kh6 69. Kh4 Bf3 70. Bf8+ Kh7 71. Bf7 Bd1 72. Kg5 Be2 73. Be6 1-0

[Event "Cagliari Province-ch"]
[Site "Sinnai"]
[Date "2001.01.21"]
[Round "3"]
[White "Monni, Vittorio"]
[Black "Pili, Erika"]
[Result "1/2-1/2"]
[WhiteElo "1729"]
[BlackElo "1606"]
[PlyCount "40"]
[EventDate "2001.01.20"]
[EventType "swiss"]
[EventRounds "7"]
[EventCountry "ITA"]
[SourceTitle "EXT 2023"]
[Source "ChessBase"]
[SourceDate "2022.10.05"]
[SourceVersion "1"]
[SourceVersionDate "2022.10.05"]
[SourceQuality "1"]

1. e4 e5 2. Nf3 Nc6 3. Bc4 Bc5 4. b4 Nxb4 5. c3 Nc6 6. d4 exd4 7. cxd4 Bb4+ 8. Bd2 Bxd2+ 9. Qxd2 d6 10. 0-0 Nge7 11. e5 0-0 12. Qg5 Ng6 13. Qg3 dxe5 14. dxe5 Qe7 15. Nc3 Ncxe5 16. Nxe5 Qxe5 17. Qf3 c6 18. Rfe1 Qf5 19. Qe3 Bd7 20. Rad1 Rfe8 1/2-1/2

[Event "Cagliari Province-ch"]
[Site "Sinnai"]
[Date "2001.01.21"]
[Round "2"]
[White "Pili, Erika"]
[Black "Lai, Luca"]
[Result "1-0"]
[WhiteElo "1606"]
[BlackElo "1542"]
[PlyCount "73"]
[EventDate "2001.01.20"]
[EventType "swiss"]
[EventRounds "7"]
[EventCountry "ITA"]
[SourceTitle "EXT 2023"]
[Source "ChessBase"]
[SourceDate "2022.10.05"]
[SourceVersion "1"]
[SourceVersionDate "2022.10.05"]
[SourceQuality "1"]

1. e4 e5 2. Nf3 Nc6 3. Bc4 Bc5 4. Nc3 d6 5. h3 Nf6 6. d3 Bd7 7. Be3 Bb6 8. Qd2 h6 9. a3 a6 10. 0-0 Qc8 11. Nh2 Bxh3 12. gxh3 Qxh3 13. Bxb6 cxb6 14. f4 b5 15. Ba2 g5 16. fxe5 Qg3+ 17. Qg2 Qxe5 18. Qf2 Qf4 19. Qxf4 gxf4 20. Rxf4 Rg8+ 21. Kh1 Ke7 22. Re1 Rg7 23. Nd5+ Nxd5 24. exd5+ Ne5 25. d4 Rag8 26. dxe5 dxe5 27. Rxe5+ Kd6 28. Re1 Rg2 29. Rf6+ Kc5 30. Nf3 a5 31. Re4 a4 32. b4+ axb3 33. Bxb3 b4 34. Rc4+ Kb5 35. a4+ Ka5 36. Rc5+ b5 37. Rxb5# 1-0